| 000 | 00843cam a2200265 a 4500 | ||
|---|---|---|---|
| 001 | 3334 | ||
| 003 | BD-RjUL | ||
| 005 | 20211208233719.0 | ||
| 008 | 131218s1981 mau b 001 0 eng d | ||
| 035 | _a(BD-RjUL)3368 | ||
| 040 |
_aDLC _cDLC _dDLC _d(BD-RjUL) _beng |
||
| 041 | _aeng | ||
| 082 | 0 | 0 |
_a347.30367 _219 _bPAC |
| 100 | 1 |
_aPainter, William H., _d1927- _910265 |
|
| 245 | 1 | 0 |
_aCorporate and tax aspects of closely held corporations / _cWilliam H. Painter. |
| 250 | _a2nd ed. | ||
| 260 |
_aBoston : _bLittle, Brown, _cc1981. |
||
| 300 |
_axxiii, 625 p. ; _c25 cm. |
||
| 500 | _aKept up to date by pocket parts and supplements. | ||
| 504 | _aIncludes bibliographical references and index. | ||
| 650 | 0 |
_aClose corporations _xTaxation _zUnited States. _910266 |
|
| 942 |
_2ddc _cBK |
||
| 999 |
_c3334 _d3334 |
||